Structure and properties of glassy polymers

সংরক্ষণ করুন:
গ্রন্থ-পঞ্জীর বিবরন
প্রধান লেখক: Tant, Martin R.
বিন্যাস: গ্রন্থ
ভাষা:Undetermined
প্রকাশিত: Washington, DC American Chemical Society 1998
বিষয়গুলি:
ট্যাগগুলো: ট্যাগ যুক্ত করুন
কোনো ট্যাগ নেই, প্রথমজন হিসাবে ট্যাগ করুন!
Thư viện lưu trữ: Trung tâm Học liệu Trường Đại học Cần Thơ
LEADER 00554nam a2200193Ia 4500
001 CTU_65517
008 210402s9999 xx 000 0 und d
020 |b 2160000 
082 |a 620.1 
082 |b T169 
100 |a Tant, Martin R. 
245 0 |a Structure and properties of glassy polymers 
245 0 |c Martin R. Tant, Anita J. Hill 
260 |a Washington, DC 
260 |b American Chemical Society 
260 |c 1998 
650 |a Polymers,Amorphous substance 
904 |i TUYẾN 
980 |a Trung tâm Học liệu Trường Đại học Cần Thơ